Lexique Course à pied A-Z - Statistiques

Statistiques générales
  • Ce quiz a été pris 289 fois
  • Le résultat moyen est 16 sur 26
Statistiques - réponses
Description(s) Commence par Réponse % Correct
Unité de mesure utilisée pour exprimer le nombre de pulsations cardiaques en une minute. Abréviation en 3 lettres acceptée. B Battement par minute (BPM)
94%
Unité de mesure. Le semi-marathon en comporte 21,1 ? K Kilomètre
94%
Cloque formée par le frottement répété de la peau contre une surface externe. A Ampoule
93%
Exercice visant à renforcer la sangle abdominale. Le plus connu consiste à maintenir la position de « planche » pendant plusieurs secondes. G Gainage
91%
Sport ou loisir de la course à pied sur longue distance en milieu naturel. La proportion de chemins est supérieure à 75%. T Trail
89%
Permet d’estimer la corpulence d’une personne et se calcule en divisant le poids (en kilogramme) par le carré de la taille (en mètre). En 3 lettres. I IMC
87%
Course à pied à un rythme lent, qui sert d’exercice cardiopulmonaire. Survêtement de sport. J Jogging
87%
Lorsqu'il s'élimine mal, cet acide peut être responsable de sensations de brûlures, de crampes et de fatigue musculaire. L Lactique
86%
Zone sur le parcours d’une course officielle dans laquelle les coureurs peuvent trouver de quoi s’alimenter et s’hydrater. R Ravitaillement
85%
Méthode d’entraînement qui consiste à alterner une course à haute intensité et une période de récupération active (allure footing) ou passive (en marchant). (en un mot) F Fractionné
84%
Course à pied de grand fond dont la distance est supérieure au marathon. U Ultra Marathon
84%
Course de demi-fond avec obstacles. Longue de 3 000 m. Anglicisme. S Steeple
67%
Allure de course qui va vous faire atteindre votre consommation maximale d'oxygène (VO2 max). V Vitesse maximale aérobie (VMA)
67%
Pays ayant naturalisé beaucoup d'athlètes, dont le sprinteur Femi Ogunode. Q Qatar
64%
Course qui consiste à courir plusieurs kilomètres dans la nature, plutôt que dans un stade. C Cross-Country
62%
Épreuve d’athlétisme dont la distance est comprise entre 800 et 3000 mètres. D Demi-fond
62%
Unite de mesure de la longueur valant exactement 0,9144 mètre. Y Yard
59%
Fait de courir plus rapidement la deuxième moitié d'une course. Anglicisme en deux mots. N Negative split
44%
Épreuve courue en relais par six personnes et dont la distance totale est égale à celle du marathon (42,195 km). E Ekiden
37%
Période durant laquelle l’état de forme physique est maximal. P Pic de forme
37%
État Américain ayant accueilli les Championnats du Monde d’Athlétisme en 2022. O Oregon
34%
Athlète courant le 100 mètres haies (pour les femmes), le 110 mètres haies (pour les hommes) ou le 400 mètres haies. Terme Anglais. H Hurdler
31%
Accélérer soudainement pour distancer ses concurrents. Expression. M Mettre une mine
16%
Ancien recordman du monde du 110 m haies, et champion olympique. Liu -----. X Xiang
14%
Coureur de demi fond quadruple champion Olympique, surnommé « La Locomotive tchèque ». Nom de famille. Z Zatopek
13%
Athlète Danois d'origine kenyane, triple champion du monde du 800m entre 1995 et 1999. W Wilson Kipketer
4%
Aucun quiz correspondant
Distribution des résultats
% des personnes avec chaque résultat
Percentile par nombre de réponses
Votre historique - résultats
Vous n’avez pas pris ce quiz